书目信息 |
| 题名: |
体育
|
|
| 作者: | 胡元斌 编著 | |
| 分册: | ||
| 出版信息: | 汕头 汕头大学出版社 2015 |
|
| 页数: | 106页 | |
| 开本: | 23cm | |
| 丛书名: | 中国文化百科 | |
| 单 册: | ||
| 中图分类: | G812.9 | |
| 科图分类: | ||
| 主题词: | 体育运动史--ti yu yun dong shi--中国 | |
| 电子资源: | ||
| ISBN: | 978-7-5658-1530-0 | |
| 000 | 00938nam 2200253 450 | |
| 001 | 2356284039 | |
| 005 | 20231109133332.79 | |
| 010 | @a978-7-5658-1530-0@dCNY29.80 | |
| 100 | @a20150708d2015 demy0chiy50 ea | |
| 101 | 0 | @achi |
| 102 | @aCN@b440000 | |
| 105 | @aa z 000yy | |
| 200 | 1 | @a体育@Ati yu@e古老体育项目@f胡元斌编著 |
| 210 | @a汕头@c汕头大学出版社@d2015 | |
| 215 | @a106页@c彩图@d23cm | |
| 225 | 2 | @a中国文化百科@Azhong guo wen hua bai ke@i传统娱乐 |
| 330 | @a本书分为蹴鞠游戏和角抵运动等两个部分, 介绍了先秦时期蹴鞠的起源传说、秦汉时蹴鞠的蓬勃发展、唐代蹴鞠形制的改进、宋元时蹴鞠达到了鼎盛、先秦角抵的起源与发展、秦汉魏时期角抵运动的兴盛等。 | |
| 410 | 0 | @12001 @a中国文化百科@i传统娱乐 |
| 517 | 1 | @a古老体育项目@Agu lao ti yu xiang mu |
| 606 | 0 | @a体育运动史@Ati yu yun dong shi@y中国 |
| 690 | @aG812.9@v5 | |
| 701 | 0 | @a胡元斌@Ahu yuan bin@4编著 |
| 801 | 0 | @aCN@b山东中教@c20230926 |
| 905 | @aBZT@dG812.9@e53 | |
| 体育:古老体育项目/胡元斌编著.-汕头:汕头大学出版社,2015 |
| 106页:彩图;23cm.-(中国文化百科.传统娱乐) |
| ISBN 978-7-5658-1530-0:CNY29.80 |
| 本书分为蹴鞠游戏和角抵运动等两个部分, 介绍了先秦时期蹴鞠的起源传说、秦汉时蹴鞠的蓬勃发展、唐代蹴鞠形制的改进、宋元时蹴鞠达到了鼎盛、先秦角抵的起源与发展、秦汉魏时期角抵运动的兴盛等。 |
| ● |
| 相关链接 |
|
|
|
正题名:体育
索取号:G812.9/53
 
预约/预借
| 序号 | 登录号 | 条形码 | 馆藏地/架位号 | 状态 | 备注 |
| 1 | 2000964137 | 2000964137 | 第四书库/四8架B面4层1列/ [索取号:G812.9/53] | 在馆 | |
| 2 | 2000964138 | 2000964138 | 第四书库/四8架B面4层1列/ [索取号:G812.9/53] | 在馆 | |
| 3 | 2000964139 | 2000964139 | 第四书库/四8架B面4层1列/ [索取号:G812.9/53] | 在馆 | |
| 4 | 2000964140 | 2000964140 | 第四书库/四8架B面4层1列/ [索取号:G812.9/53] | 在馆 | |
| 5 | 2000964141 | 2000964141 | 第四书库/四8架B面4层1列/ [索取号:G812.9/53] | 在馆 | |
| 6 | 2000964142 | 2000964142 | 第四书库/四8架B面4层1列/ [索取号:G812.9/53] | 在馆 |